Plantes fleuries d'intérieur - Statistiques

Statistiques générales
  • Ce quiz a été pris 29 fois
  • Le résultat moyen est 13 sur 28
Statistiques - réponses
Par images Réponse % Correct
Cymbidium
74%
Phalaenopsis
74%
Cymbidium hybride
68%
Phalaenopsis hybride
58%
Tillandsia
58%
Dendrobium
53%
Sabot de Vénus
53%
Sabot de Vénus
53%
Vanda
53%
Dendrobium hybride
47%
Tillandsia
47%
Vanda hybride
47%
Vriesea
47%
Vriesea
47%
Cattleya
42%
Cattleya hybride
42%
Cheveux de Vénus
42%
Dendrobium
42%
Guzmania
42%
Miltonia
42%
Aechmea
37%
Miltonia hybride
37%
Oncidium
37%
Oncidium hybride
26%
Paphiopedilum hybride
26%
Dendrobium nobile
21%
Odontoglossum Cambria
21%
Odontoglossum hybride
16%
Aucun quiz correspondant
Distribution des résultats
% des personnes avec chaque résultat
Percentile par nombre de réponses
Votre historique - résultats
Vous n’avez pas pris ce quiz